The Exit - Conan Gray - Statistics

General Stats
  • This quiz has been taken 185 times
  • The average score is 311 of 355
Answer Stats
% Correct
I
100%
a
99%
and
98%
And
98%
(And
98%
it
98%
it,
98%
it?)
98%
the
98%
The
98%
we
98%
you
98%
| CHORUS | OUTRO You
98%
It's
97%
it's
97%
But
95%
(but
95%
I'm
94%
that
94%
black
93%
bruised
93%
bruised)
93%
fine
93%
is
93%
like
93%
perfectly
93%
your
93%
yours
93%
PRE-CHORUS Feels
92%
(feels
92%
had
92%
mine's
92%
still
92%
matching
91%
even
90%
exit
90%
when
90%
(When
90%
When
90%
at
88%
buried
88%
hurt
88%
love
88%
on
88%
On
88%
out
88%
out)
88%
So,
88%
(so,
88%
wounds
88%
wounds)
88%
Do
87%
found
87%
God,
87%
her,
87%
her
87%
never
87%
over
87%
flowers
86%
how
86%
me
86%
alive
85%
alive)
85%
coffee
85%
VERSE 1 February,
85%
(oh
85%
oh,
85%
oh
85%
oh)
85%
say
85%
standin'
85%
to
85%
where
85%
haven't
84%
lips?
84%
not
83%
Something
83%
(something
83%
cold
81%
crazy
81%
died
81%
died)
81%
fast
81%
were
81%
already
80%
girl
80%
miss
80%
someone
80%
someone,
80%
tilted
80%
who's
80%
sippin'
79%
buildin'
78%
busy
78%
half
78%
wilted
78%
now
77%
now)
77%
Starin'
77%
world
76%
of
74%
be
73%
can't
73%
carbon
72%
Mid-November,
72%
While
72%
for
71%
hate
71%
live
71%
met
71%
copy
70%
East
70%
everything
70%
loud
70%
part
70%
you're
70%
Coast,
69%
wanted
69%
would
69%
doubt
67%
from
67%
just
67%
thought
67%
apartment
64%
back
64%
was
64%
comin'
63%
hometown
63%
movin'
63%
gettin'
62%
into
62%
Impossible
59%
she's
59%
understand
59%
arm,
56%
No matching quizzes found
Score Distribution
Percent of People with Each Score
Percentile by Number Answered
Your Score History
You have not taken this quiz